| 000 | 01313nam a2200301 i 4500 | ||
|---|---|---|---|
| 001 | 768714001 | ||
| 003 | CO-MdFUSB | ||
| 005 | 20210602170219.0 | ||
| 007 | ta | ||
| 008 | 200603t2012 ck |||| |||| 00| 0 spa d | ||
| 020 | _a9789587583939 | ||
| 040 |
_aCO-MdFUSB _bspa _cCO-MdFUSB _dCO-MdFUSBC _erda |
||
| 041 | _aspa | ||
| 082 |
_223 _a863.7 _bV182 |
||
| 100 |
_aVallejo, Fernando _d1942- _eautor |
||
| 245 | 3 |
_aEl cuervo blanco _c/ Fernando Vallejo |
|
| 264 | 1 |
_aBogotá, Colombia : _bAlfaguara, _c[2012] |
|
| 264 | 4 | _c©2012 | |
| 300 |
_c379 páginas ; _a24 cm |
||
| 336 |
_2rdacontent _atexto _btxt |
||
| 337 |
_2rdamedia _asin mediación _bn |
||
| 338 |
_2rdacarrier _avolumen _bnc |
||
| 520 | _aRufino José Cuervo era un hombre insólito; en el país de los doctores aspirantes a la presidencia ni era doctor ni aspiraba a nada. Por su familia había nacido para el poder, pero los despreciaba. Aunque no pasó por la universidad y se enseñó solo, llegó a saber lo que nadie de ese idioma. Dejo su país par a no volver y se fue a Francia donde acometió una obra colosal, el Diccionario de construcción y régimen de la lengua castellana, la empresa más delirante de la raza hispánica. | ||
| 563 | _aRústico | ||
| 650 | 7 |
_2embne _92518 _aLiteratura colombiana |
|
| 942 | _cBK | ||
| 945 | _aDani | ||
| 999 |
_c66027 _d66027 |
||